Normal view
MARC view
- Meriam, L.J
Entry Personal Name
001 - CONTROL NUMBER
- control field: 123373
003 - CONTROL NUMBER IDENTIFIER
- control field: NUST
005 - DATE AND TIME OF LATEST TRANSACTION
- control field: 20240607152729.0
008 - FIXED-LENGTH DATA ELEMENTS
- fixed length control field: 240607|| aca||aabn | a|a d
040 ## - CATALOGING SOURCE
- Original cataloging agency: NUST
- Transcribing agency: NUST
100 ## - HEADING--PERSONAL NAME
- Personal name: Meriam, L.J
670 ## - SOURCE DATA FOUND
- Source citation: Work cat.: (NUST): Meriam, L.J, Engineering Mechanics:, 2007.
